Redesign your life in modern age (Record no. 513245)

000 -LEADER
fixed length control field 00320nam a22001217a 4500
020 ## - INTERNATIONAL STANDARD BOOK NUMBER
International Standard Book Number 9789353229764
082 ## - DEWEY DECIMAL CLASSIFICATION NUMBER
Classification number K9594 B219
100 ## - MAIN ENTRY--PERSONAL NAME
Personal name Kumar, Balvinder
9 (RLIN) 15801
245 ## - TITLE STATEMENT
Title Redesign your life in modern age
Statement of responsibility, etc by Balvinder Kumar
260 ## - PUBLICATION, DISTRIBUTION, ETC. (IMPRINT)
Place of publication, distribution, etc New Delhi
Name of publisher, distributor, etc Prabhat
Date of publication, distribution, etc 2020
300 ## - PHYSICAL DESCRIPTION
Extent 248p.
650 ## - SUBJECT ADDED ENTRY--TOPICAL TERM
Topical term or geographic name as entry element Motivation
9 (RLIN) 15968
Holdings
Withdrawn status Lost status Source of classification or shelving scheme Damaged status Koha normalized classification for sorting Not for loan Permanent location Current location Date acquired Total Checkouts Full call number Barcode Date last seen Date last borrowed Price effective from Koha item type
        K_9594_000000000000000_B219   Indian Institute of Public Administration Indian Institute of Public Administration 2020-02-05 2 K9594 B219 GR21909 2020-12-31 2020-09-04 2020-02-05 GR

Powered by Koha